[Event "6. Oeffinger Open 2015"]
[Site "T-Systems"]
[Date "2015.05.24"]
[Round "4.4"]
[White "Schnepp, Gunnar"]
[Black "Kübler, Marcus"]
[Result "1/2-1/2"]
[WhiteElo "2316"]
[BlackElo "2074"]
[PlyCount "75"]
[EventDate "2015.??.??"]

1. Nf3 Nf6 2. d4 e6 3. g3 c5 4. Bg2 cxd4 5. O-O Nc6 6. Nxd4 Qb6 7. Nxc6 dxc6 8.
Nd2 e5 9. a4 Be6 10. a5 Qc7 11. a6 b6 12. c4 Rd8 13. Qa4 Bd7 14. b4 Be7 15. Bb2
O-O 16. Rad1 Rfe8 17. Rfe1 b5 18. Qa3 c5 19. Qa1 cxb4 20. Bxe5 Qb6 21. Bd4 Bc5
22. Bxc5 Qxc5 23. Qa5 Rc8 24. Rc1 bxc4 25. Nxc4 Qxa5 26. Nxa5 Bb5 27. Nc6 Bxa6
28. Nxb4 Rxc1 29. Rxc1 Bxe2 30. Ra1 Bc4 31. Bf1 Bxf1 32. Kxf1 Re7 33. Nc6 Rc7
34. Rxa7 Rxa7 35. Nxa7 h5 36. h4 g6 37. Nc6 Kg7 38. Ke2 1/2-1/2

[Event "6. Oeffinger Open 2015"]
[Site "T-Systems"]
[Date "2015.05.24"]
[Round "4.1"]
[White "Heining, Thomas"]
[Black "Shishkin, Vadim"]
[Result "0-1"]
[WhiteElo "2129"]
[BlackElo "2513"]
[PlyCount "112"]
[EventDate "2015.??.??"]

1. e4 c5 2. Nf3 Nc6 3. d4 cxd4 4. Nxd4 Nf6 5. Nc3 d6 6. Bc4 e5 7. Nf5 Be6 8.
Qd3 a6 9. Bb3 g6 10. Ne3 Nb4 11. Qe2 Rc8 12. O-O Bg7 13. f4 exf4 14. Ned5 O-O
15. Bxf4 Nbxd5 16. exd5 Bf5 17. Qd2 Re8 18. Rae1 Ne4 19. Nxe4 Bxe4 20. c3 f5
21. Kh1 Be5 22. Bg5 Qa5 23. Be3 Qb5 24. c4 Qd7 25. Rc1 Qg7 26. Ba4 Bxb2 27.
Bxe8 Bxc1 28. Rxc1 Rxe8 29. Bd4 Qe7 30. Bc3 g5 31. Re1 h6 32. Qd4 Kh7 33. Kg1
h5 34. a4 h4 35. a5 Kg6 36. Re2 Qe5 37. Qd2 Qf4 38. Qd4 Qe5 39. Qd2 Qe7 40. Qd4
Rf8 41. Rb2 g4 42. Rb6 Kh5 43. Bd2 f4 44. c5 dxc5 45. d6 cxd4 46. dxe7 Re8 47.
Bxf4 Bc6 48. Bd6 d3 49. Kf2 d2 50. Ke2 Bxg2 51. Kxd2 Bc6 52. Ke3 Kg5 53. Rb2
Kf5 54. Kd4 Ke6 55. Kc5 Bf3 56. Rf2 Rc8+ 0-1

[Event "6. Oeffinger Open 2015"]
[Site "T-Systems"]
[Date "2015.05.24"]
[Round "4.2"]
[White "Skembris, Spyridon"]
[Black "Gustain, Marc"]
[Result "1/2-1/2"]
[WhiteElo "2422"]
[BlackElo "2151"]
[PlyCount "127"]
[EventDate "2015.??.??"]

1. c4 e5 2. Nc3 Bb4 3. g3 Nf6 4. Bg2 Bxc3 5. dxc3 d6 6. Nf3 Nbd7 7. O-O O-O 8.
b3 a5 9. Qc2 a4 10. Rb1 axb3 11. axb3 Re8 12. e4 b6 13. Nh4 Ra7 14. Bd2 Bb7 15.
f3 Qa8 16. Nf5 Nf8 17. Rb2 Bc8 18. g4 Ne6 19. h4 Bb7 20. Ng3 Nd7 21. g5 Ndf8
22. Bh3 Ng6 23. h5 Ngf4 24. Bxe6 fxe6 25. Bxf4 exf4 26. Nh1 d5 27. cxd5 exd5
28. exd5 Bxd5 29. Qf5 Bxf3 30. g6 Bxh1 31. Qf7+ Kh8 32. h6 Rg8 33. gxh7 Kxh7
34. Rh2 Ra2 35. Qf5+ g6 36. Qf7+ Kh8 37. Qf6+ Kh7 38. Qe7+ Kh8 39. Qe5+ Kh7 40.
Qxc7+ Kh8 41. Qe5+ Kh7 42. Qe7+ Kh8 43. Qf6+ Kh7 44. Qf7+ Kh8 45. Rxa2 Qxa2 46.
Kxh1 Qc2 47. Qf6+ Kh7 48. Rxf4 Qxb3 49. Qe7+ Kh8 50. Qe5+ Kh7 51. Kg2 Qa2+ 52.
Kh3 Qa5 53. Qe7+ Kh8 54. Qf6+ Kh7 55. Kg3 Qc5 56. Re4 Qg1+ 57. Kf4 Qf2+ 58. Kg5
Qxf6+ 59. Kxf6 Rf8+ 60. Kg5 Rf5+ 61. Kg4 Rc5 62. c4 Kxh6 63. Rd4 Rc6 64. Re4
1/2-1/2

[Event "6. Oeffinger Open 2015"]
[Site "T-Systems"]
[Date "2015.05.24"]
[Round "5.1"]
[White "Shishkin, Vadim"]
[Black "Skembris, Spyridon"]
[Result "1-0"]
[WhiteElo "2513"]
[BlackElo "2422"]
[PlyCount "107"]
[EventDate "2015.??.??"]

1. d4 d5 2. c4 c6 3. Nf3 Nf6 4. e3 g6 5. Nc3 Bg7 6. Be2 O-O 7. O-O e6 8. b3 Re8
9. Bb2 Nbd7 10. Qd2 b6 11. Rad1 Bb7 12. Ne5 Qe7 13. f4 Rac8 14. Bf3 c5 15. Ba3
a6 16. g4 h6 17. Qg2 Red8 18. Rfe1 Ba8 19. Nxd7 Qxd7 20. dxc5 bxc5 21. g5 hxg5
22. fxg5 Nh7 23. Na4 Qe7 24. h4 dxc4 25. Bxa8 Rxa8 26. Bxc5 Qe8 27. Nb6 Rxd1
28. Rxd1 Rd8 29. Rxd8 Qxd8 30. Nxc4 Qd1+ 31. Kh2 Qe1 32. Kh3 Qd1 33. Bd6 Bc3
34. Be5 Nxg5+ 35. hxg5 Qh5+ 36. Kg3 Qxg5+ 37. Kf3 Qf5+ 38. Bf4 e5 39. Qg5 Qh3+
40. Bg3 Qf1+ 41. Ke4 Qb1+ 42. Kd5 Qxa2 43. Qd8+ Kg7 44. Bh4 e4 45. Be7 Kh7 46.
Bf6 Bxf6 47. Qxf6 Kg8 48. Qb2 Qxb2 49. Nxb2 f5 50. Ke5 Kg7 51. b4 Kh6 52. Kf4
Kh5 53. Na4 Kh4 54. Nc5 1-0

[Event "6. Oeffinger Open 2015"]
[Site "T-Systems"]
[Date "2015.05.24"]
[Round "5.2"]
[White "Langheinrich, Ferenc"]
[Black "Syed, Tareq"]
[Result "1/2-1/2"]
[WhiteElo "2377"]
[BlackElo "2032"]
[PlyCount "42"]
[EventDate "2015.??.??"]

1. b3 Nh6 2. d4 g6 3. e4 c6 4. Bf4 f6 5. h4 d6 6. Bxh6 Bxh6 7. h5 f5 8. Bd3
fxe4 9. Bxe4 Bf5 10. Bf3 Qa5+ 11. Kf1 Na6 12. c3 Bg7 13. Ne2 O-O 14. Nd2 d5 15.
b4 Qb5 16. Nb3 e5 17. dxe5 Bxe5 18. Nbd4 Qd3 19. Nxf5 Qxf5 20. hxg6 hxg6 21.
Rc1 Kg7 1/2-1/2

[Event "6. Oeffinger Open 2015"]
[Site "T-Systems"]
[Date "2015.05.24"]
[Round "5.3"]
[White "Gustain, Marc"]
[Black "Neyman, Igor"]
[Result "1/2-1/2"]
[WhiteElo "2151"]
[BlackElo "2283"]
[PlyCount "43"]
[EventDate "2015.??.??"]

1. e4 c5 2. Nf3 Nc6 3. d4 cxd4 4. Nxd4 e5 5. Nb5 d6 6. N1c3 a6 7. Na3 Be7 8.
Nc4 b5 9. Ne3 Nf6 10. Bd3 O-O 11. O-O Be6 12. Ne2 Nb4 13. c3 Nxd3 14. Qxd3 d5
15. exd5 Nxd5 16. Nxd5 Qxd5 17. Qxd5 Bxd5 18. Rd1 Rfd8 19. Re1 f6 20. Be3 Kf7
21. f4 exf4 22. Nxf4 1/2-1/2

[Event "6. Oeffinger Open 2015"]
[Site "T-Systems"]
[Date "2015.05.24"]
[Round "5.4"]
[White "Telioridis, Vasileios"]
[Black "Schnepp, Gunnar"]
[Result "0-1"]
[WhiteElo "2010"]
[BlackElo "2316"]
[PlyCount "94"]
[EventDate "2015.??.??"]

1. e4 c5 2. Nf3 d6 3. Bc4 a6 4. c3 Nf6 5. d3 e6 6. O-O Be7 7. Qe2 Nc6 8. Bb3
O-O 9. Bf4 b5 10. Nbd2 e5 11. Bg5 Nh5 12. Be3 Bd7 13. Rfd1 Nf4 14. Qf1 Qc7 15.
Rac1 Kh8 16. Ne1 f5 17. f3 Bg5 18. Kh1 Nh3 19. Bxc5 dxc5 20. gxh3 fxe4 21. dxe4
c4 22. Bc2 Rf6 23. Qf2 Raf8 24. Rb1 Rh6 25. Nf1 Bxh3 26. Ng3 Ne7 27. Ng2 Rhf6
28. Ne1 Bg4 29. Nf5 Nxf5 30. exf5 Bxf5 31. Bxf5 Rxf5 32. Rd5 Qf7 33. Rbd1 e4
34. Rd7 Qg6 35. R1d6 R5f6 36. Rd8 Qf5 37. Rd5 Qf4 38. Qg3 exf3 39. Rxf8+ Rxf8
40. Nxf3 Qxf3+ 41. Qxf3 Rxf3 42. Rxg5 Rf1+ 43. Kg2 Rb1 44. Re5 Rxb2+ 45. Kf3 h6
46. h4 Rxa2 47. Kg4 Rc2 0-1

[Event "6. Oeffinger Open 2015"]
[Site "T-Systems"]
[Date "2015.05.24"]
[Round "5.7"]
[White "Engbrecht, Helmut"]
[Black "Heining, Thomas"]
[Result "0-1"]
[WhiteElo "1964"]
[BlackElo "2129"]
[PlyCount "98"]
[EventDate "2015.??.??"]

1. f4 c5 2. Nf3 d6 3. b3 Nc6 4. Bb2 Nf6 5. e3 a6 6. Be2 e6 7. O-O Be7 8. Ne1
O-O 9. Bf3 Nd7 10. d3 Bf6 11. Bxf6 Qxf6 12. Nd2 Rb8 13. g4 Nb6 14. Ne4 Qe7 15.
g5 d5 16. Ng3 f6 17. h4 fxg5 18. hxg5 g6 19. Bg2 e5 20. Qd2 Be6 21. c3 Qd6 22.
Nc2 Rf7 23. Rf2 Rbf8 24. Raf1 Nc8 25. d4 cxd4 26. cxd4 e4 27. Kh2 N8e7 28. Rh1
Nf5 29. Nxf5 Rxf5 30. Bh3 R5f7 31. Kg1 Bxh3 32. Rxh3 Qe6 33. Rg3 Ne7 34. Rh2
Nf5 35. Rgh3 Rc8 36. Kf2 Qd7 37. Rh1 Qb5 38. Rd1 Nd6 39. Rhh1 Rfc7 40. Na3 Qd7
41. Rc1 Qg4 42. Rxc7 Qf3+ 43. Kg1 Qg3+ 44. Kf1 Rxc7 45. Rh2 Nf5 46. Re2 Nh4 47.
Rf2 Nf3 48. Rxf3 exf3 49. e4 Rc1+ 0-1

[Event "6. Oeffinger Open 2015"]
[Site "T-Systems"]
[Date "2015.05.24"]
[Round "5.5"]
[White "Holzhäuer, Mathias"]
[Black "Klaus, Dominik"]
[Result "1-0"]
[WhiteElo "2295"]
[BlackElo "1991"]
[PlyCount "73"]
[EventDate "2015.??.??"]

1. e4 c5 2. Nc3 d6 3. f4 g6 4. Nf3 Bg7 5. Bb5+ Bd7 6. Bc4 Nc6 7. O-O Nd4 8. d3
b5 9. Bd5 Rb8 10. Nxd4 Bxd4+ 11. Kh1 e6 12. Bb3 Ne7 13. Ne2 Bg7 14. c3 Bc6 15.
Ng3 h5 16. h3 h4 17. Ne2 d5 18. Bc2 Qd7 19. a4 b4 20. Qe1 b3 21. Bb1 Bxa4 22.
f5 gxf5 23. exf5 Nxf5 24. d4 Ne7 25. dxc5 Bb5 26. Rf4 e5 27. Rb4 f5 28. Bg5 Nc6
29. Rxb3 f4 30. Nxf4 O-O 31. Qxh4 Rxf4 32. Bh7+ Kh8 33. Bxf4 Bf6 34. Qxf6+ Kxh7
35. Bxe5 Nxe5 36. Qxe5 Rf8 37. Rxb5 1-0

[Event "6. Oeffinger Open 2015"]
[Site "T-Systems"]
[Date "2015.05.24"]
[Round "5.6"]
[White "Degenhardt, Horst"]
[Black "Mück, Heinz-Peter"]
[Result "1-0"]
[WhiteElo "2259"]
[BlackElo "1883"]
[PlyCount "67"]
[EventDate "2015.??.??"]

1. e4 d6 2. d4 Nf6 3. Nc3 c6 4. Nf3 Qc7 5. h3 e5 6. a4 a5 7. Bc4 h6 8. O-O Be7
9. Re1 Nbd7 10. Nh4 Nb6 11. Ba2 g6 12. Nf3 Bd7 13. Be3 c5 14. dxe5 dxe5 15. Qe2
Rd8 16. Nd2 Qc8 17. Qf3 Be6 18. Nb3 g5 19. Nxa5 Bxa2 20. Rxa2 g4 21. hxg4 Nxg4
22. Qf5 Nxe3 23. Qxc8 Nxc8 24. Rxe3 Bg5 25. Rd3 Rxd3 26. cxd3 b6 27. Nc4 O-O
28. Nd5 Bd8 29. Nxe5 f5 30. f3 fxe4 31. dxe4 Kh7 32. Ra3 Re8 33. Nc4 Re6 34.
Rb3 1-0

[Event "6. Oeffinger Open 2015"]
[Site "T-Systems"]
[Date "2015.05.24"]
[Round "5.8"]
[White "Thomanek, Manuel"]
[Black "König, Dirk"]
[Result "0-1"]
[WhiteElo "1930"]
[BlackElo "2088"]
[PlyCount "110"]
[EventDate "2015.??.??"]

1. g4 d5 2. Bg2 c6 3. c4 dxc4 4. Na3 Qc7 5. h3 g6 6. Nxc4 Bg7 7. d4 Nd7 8. e4
Nb6 9. Na3 Be6 10. Ne2 Rd8 11. Qc2 Qd7 12. Be3 f5 13. gxf5 gxf5 14. f3 Nh6 15.
O-O-O Rf8 16. Rhg1 Nf7 17. Bh1 Bh6 18. Bxh6 Nxh6 19. Rg7 fxe4 20. fxe4 Bxh3 21.
Rxh7 Qe6 22. Qd2 Nf7 23. Nf4 Qxa2 24. Nxh3 Rd6 25. Ng5 Ne5 26. Qb4 Rf2 27.
Rxe7+ Kxe7 28. dxe5 Qa1+ 29. Nb1 Qxb2+ 30. Qxb2 Rxd1+ 31. Kxd1 Rxb2 32. Nd2 a5
33. Ngf3 Nd7 34. Kc1 Rb5 35. Kc2 a4 36. e6 Ne5 37. Nxe5 Rxe5 38. Bf3 Kxe6 39.
Bg4+ Ke7 40. Kc3 b5 41. Bf5 Rc5+ 42. Kb2 b4 43. Nb1 Kd6 44. Nd2 Rc3 45. Bg6 Ke5
46. Be8 a3+ 47. Kb1 Kd4 48. Bf7 Ke3 49. Nb3 Kxe4 50. Nc1 c5 51. Be6 Rf3 52. Nb3
Rf1+ 53. Kc2 Rf2+ 54. Kc1 a2 55. Na1 Kd4 0-1

[Event "6. Oeffinger Open 2015"]
[Site "T-Systems"]
[Date "2015.05.25"]
[Round "6.1"]
[White "Schnepp, Gunnar"]
[Black "Shishkin, Vadim"]
[Result "1/2-1/2"]
[WhiteElo "2316"]
[BlackElo "2513"]
[PlyCount "67"]
[EventDate "2015.??.??"]

1. d4 Nf6 2. c4 g6 3. Nc3 d5 4. cxd5 Nxd5 5. e4 Nxc3 6. bxc3 Bg7 7. Nf3 c5 8.
Rb1 O-O 9. Be2 b6 10. O-O Bb7 11. Qd3 e6 12. Bg5 Qc7 13. Qe3 Nd7 14. Bf4 e5 15.
Bg3 Rae8 16. d5 f5 17. Bh4 f4 18. Qd3 Bf6 19. Bxf6 Rxf6 20. Qc2 Rd8 21. Qa4 a6
22. Bxa6 Ra8 23. d6 Rxd6 24. Qc4+ Kg7 25. Bxb7 Qxb7 26. Rfd1 Rxd1+ 27. Rxd1 Nf6
28. Nxe5 Qe7 29. Nf3 Qf7 30. Qb5 Rxa2 31. h3 Ra7 32. Re1 Re7 33. Ng5 Qe8 34.
Qxb6 1/2-1/2

[Event "6. Oeffinger Open 2015"]
[Site "T-Systems"]
[Date "2015.05.25"]
[Round "6.2"]
[White "Heining, Thomas"]
[Black "Langheinrich, Ferenc"]
[Result "0-1"]
[WhiteElo "2129"]
[BlackElo "2377"]
[PlyCount "84"]
[EventDate "2015.??.??"]

1. e4 c5 2. Nf3 e6 3. d4 cxd4 4. Nxd4 Nc6 5. Nc3 Qc7 6. Ndb5 Qb8 7. Be3 a6 8.
Bb6 axb5 9. Nxb5 Bb4+ 10. c3 Ba5 11. Nc7+ Qxc7 12. Bxc7 Bxc7 13. Qg4 Kf8 14.
Qd1 Nf6 15. Qc2 b6 16. Be2 Bb7 17. O-O g5 18. Rfe1 Rg8 19. Bf1 g4 20. g3 Ne5
21. Bg2 h5 22. c4 d6 23. b4 Nfd7 24. Re3 Ke7 25. a4 h4 26. gxh4 Nf3+ 27. Bxf3
gxf3+ 28. Kf1 Ne5 29. Qc3 Rg4 30. Rxf3 Nxf3 31. Qxf3 Rag8 32. Re1 Rxh4 33. c5
bxc5 34. b5 f5 35. Qc3 Bxe4 36. Re3 Bg2+ 37. Ke1 f4 38. Rd3 Be4 39. Rh3 Ba5 40.
Qxa5 Rxh3 41. Qc7+ Kf6 42. Qxd6 Rg1+ 0-1

[Event "6. Oeffinger Open 2015"]
[Site "T-Systems"]
[Date "2015.05.25"]
[Round "6.3"]
[White "König, Dirk"]
[Black "Holzhäuer, Mathias"]
[Result "1/2-1/2"]
[WhiteElo "2088"]
[BlackElo "2295"]
[PlyCount "34"]
[EventDate "2015.??.??"]

1. e4 d5 2. exd5 Nf6 3. Bb5+ (3. c4 c6 4. dxc6 Nxc6) 3... Bd7 4. Be2 Nxd5 5. d4
Bf5 6. Nf3 e6 7. O-O Nc6 8. c4 Nf6 9. Be3 Be7 10. Nc3 O-O 11. Qd2 Ne4 12. Nxe4
Bxe4 13. Rfd1 Qd7 14. Ne5 Nxe5 15. dxe5 Qc6 16. f3 Rfd8 17. Qc3 Bg6 1/2-1/2

[Event "6. Oeffinger Open 2015"]
[Site "T-Systems"]
[Date "2015.05.25"]
[Round "6.4"]
[White "Neyman, Igor"]
[Black "Pelezki, Eugen"]
[Result "1-0"]
[WhiteElo "2283"]
[BlackElo "2010"]
[PlyCount "76"]
[EventDate "2015.??.??"]

1. d4 Nf6 2. c4 e6 3. Nc3 d5 4. Bg5 Be7 5. Nf3 Nbd7 6. e3 O-O 7. cxd5 Nxd5 8.
Bxe7 Nxe7 9. Be2 Nf6 10. O-O c5 11. dxc5 Qa5 12. Qd4 Nc6 13. Qc4 e5 14. Qb5 Qc7
15. a3 Rd8 16. Rfd1 Bd7 17. Qc4 Be6 18. Qa4 Qe7 19. b4 e4 20. Nd2 Bf5 21. Nc4
Ng4 22. Rxd8+ Rxd8 23. Rd1 Rd3 24. Qc2 Nce5 25. Nxe5 Nxe5 26. Nd5 Qd8 27. Nf4
Rd7 28. Rxd7 Qxd7 29. Qd1 g5 30. Qxd7 Bxd7 31. Nd5 Kf8 32. Kf1 Nc6 33. Ke1 Be6
34. Nc3 f5 35. Nb5 a6 36. Nd6 h6 37. Kd2 Ke7 38. Nxb7 Ne5 1-0

[Event "6. Oeffinger Open 2015"]
[Site "T-Systems"]
[Date "2015.05.25"]
[Round "6.5"]
[White "Syed, Tareq"]
[Black "Degenhardt, Horst"]
[Result "0-1"]
[WhiteElo "2032"]
[BlackElo "2259"]
[PlyCount "44"]
[EventDate "2015.??.??"]

1. g3 d5 2. Bg2 e5 3. d3 Nf6 4. Nf3 Nc6 5. O-O Be7 6. a3 Bg4 7. b4 e4 8. b5
exf3 9. exf3 Bd7 10. bxc6 Bxc6 11. f4 O-O 12. Bb2 Nd7 13. Nc3 Bf6 14. Rb1 Nb6
15. Re1 Qd6 16. a4 Qc5 17. Qd2 Rfe8 18. g4 Bd4 19. f5 Rxe1+ 20. Rxe1 Qb4 21.
Qc1 Bxc3 22. Ba3 Qxg4 0-1

[Event "6. Oeffinger Open 2015"]
[Site "T-Systems"]
[Date "2015.05.25"]
[Round "6.6"]
[White "Feldheim, Jonas"]
[Black "Gustain, Marc"]
[Result "1-0"]
[WhiteElo "2050"]
[BlackElo "2151"]
[PlyCount "87"]
[EventDate "2015.??.??"]

1. d4 d5 2. Nc3 Nf6 3. Bg5 Nbd7 4. f3 h6 5. Bh4 c6 6. e4 Qb6 7. Qd2 e6 8. O-O-O
Bb4 9. e5 Ng8 10. a3 Be7 11. Bf2 a6 12. f4 c5 13. Nf3 Qd8 14. Be2 b5 15. dxc5
Bxc5 16. Nd4 Ne7 17. g4 b4 18. axb4 Bxb4 19. f5 Qa5 20. Qe3 Bxc3 21. bxc3 Nc5
22. Bf3 Bd7 23. f6 gxf6 24. exf6 Nc8 25. Bxd5 Qa3+ 26. Kd2 Nb6 27. Bb3 Nxb3+
28. cxb3 Nd5 29. Qe5 Qb2+ 30. Nc2 Qxb3 31. Bd4 Qb8 32. Qxb8+ Rxb8 33. Rb1 Rc8
34. Ne3 Nxe3 35. Kxe3 Rg8 36. Rhg1 Rg5 37. h4 Rd5 38. g5 hxg5 39. Rxg5 Rxg5 40.
hxg5 Bb5 41. Rh1 e5 42. Rh8+ Kd7 43. Rxc8 exd4+ 44. Kxd4 1-0

[Event "6. Oeffinger Open 2015"]
[Site "T-Systems"]
[Date "2015.05.25"]
[Round "6.7"]
[White "Bader, Dominic"]
[Black "Süss, Stefan"]
[Result "1/2-1/2"]
[WhiteElo "2098"]
[BlackElo "1870"]
[PlyCount "83"]
[EventDate "2015.??.??"]

1. e4 d5 2. exd5 Nf6 3. Bb5+ Bd7 4. Bc4 Bg4 5. f3 Bc8 6. Bb5+ Bd7 7. Bc4 Bc8 8.
Nc3 Nbd7 9. d4 Nb6 10. Bb3 a5 11. a3 a4 12. Ba2 Nfxd5 13. Nxd5 Nxd5 14. Ne2 e6
15. O-O Qh4 16. Bxd5 exd5 17. Bf4 Bd6 18. Bxd6 cxd6 19. Qe1 Qf6 20. Nc3+ Be6
21. Rd1 O-O 22. Qg3 Ra6 23. Rfe1 Rc8 24. Re2 h6 25. Na2 Bd7 26. Nb4 Ra5 27. c3
Bc6 28. Rde1 Raa8 29. Qf2 Qg5 30. Re7 Rab8 31. f4 Qf5 32. Qf3 h5 33. h3 Kf8 34.
g4 hxg4 35. hxg4 Qh7 36. Kg2 Re8 37. Qe3 Qh4 38. Nxc6 Qxg4+ 39. Kf1 Rxe7 40.
Qxe7+ Kg8 41. Nxb8 Qf3+ 42. Kg1 1/2-1/2

[Event "6. Oeffinger Open 2015"]
[Site "T-Systems"]
[Date "2015.05.25"]
[Round "6.8"]
[White "Skembris, Spyridon"]
[Black "Böhmler, Thomas"]
[Result "1-0"]
[WhiteElo "2422"]
[BlackElo "1861"]
[PlyCount "86"]
[EventDate "2015.??.??"]

1. c4 b6 2. Nc3 Bb7 3. e4 d6 4. d4 e6 5. Nf3 Nf6 6. Bd3 Be7 7. O-O O-O 8. Re1
Nbd7 9. h3 e5 10. Bc2 c6 11. b3 Qc7 12. Bb2 a6 13. a4 Rac8 14. Rc1 Rfd8 15. Qe2
Bf8 16. Qe3 h6 17. Red1 Re8 18. d5 c5 19. Bd3 g6 20. Ra1 Bg7 21. a5 bxa5 22.
Ra3 Nb6 23. Rda1 a4 24. Nxa4 Nxa4 25. Rxa4 Qd7 26. b4 Nh5 27. Bc3 f5 28. bxc5
Rxc5 29. Nd2 f4 30. Qf3 Rcc8 31. Nb3 Nf6 32. c5 Bxd5 33. exd5 e4 34. Bxe4 Rxe4
35. Rxe4 Nxe4 36. Qxe4 Bxc3 37. Qxg6+ Bg7 38. Rxa6 dxc5 39. Ra7 Qxa7 40. Qe6+
Kh7 41. Qf5+ Kg8 42. Qxc8+ Bf8 43. d6 c4 1-0

[Event "6. Oeffinger Open 2015"]
[Site "T-Systems"]
[Date "2015.05.25"]
[Round "7.1"]
[White "Shishkin, Vadim"]
[Black "Neyman, Igor"]
[Result "1/2-1/2"]
[WhiteElo "2513"]
[BlackElo "2283"]
[PlyCount "107"]
[EventDate "2015.??.??"]

1. d4 d5 2. c4 c6 3. Nf3 e6 4. Nbd2 Nf6 5. e3 Nbd7 6. b3 Be7 7. Bb2 O-O 8. Bd3
c5 9. O-O b6 10. Rc1 Bb7 11. Re1 Rc8 12. Bb1 Rc7 13. Qe2 Qa8 14. cxd5 exd5 15.
dxc5 bxc5 16. e4 Nxe4 17. Nxe4 dxe4 18. Bxe4 Bf6 19. Bxf6 Nxf6 20. Bxb7 Qxb7
21. Rc4 h6 22. Rec1 Re7 23. Qd2 Ne4 24. Qc2 Rfe8 25. h3 Re6 26. Rd1 Qc7 27. Nh2
Qb6 28. Qc1 Qa5 29. Rc2 Qb6 30. Nf1 Re5 31. Re1 R5e6 32. Rce2 Ng5 33. Rxe6 Rxe6
34. Rxe6 Nxe6 35. Ne3 Qa5 36. Qb1 Nd4 37. Nc4 Qc3 38. Qd1 Ne6 39. Qd2 Qf6 40.
Qe1 Qd4 41. Qe5 Qd1+ 42. Kh2 Qc2 43. Qb2 Qe4 44. Qd2 g5 45. Qe3 Qc2 46. Nd6 Qb2
47. Nf5 Qf6 48. Qe4 Nd4 49. Nxd4 cxd4 50. Kg1 Qd6 51. Kf1 Qa6+ 52. Ke1 Qa5+ 53.
Kd1 Qxa2 54. Qe8+ 1/2-1/2

[Event "6. Oeffinger Open 2015"]
[Site "T-Systems"]
[Date "2015.05.25"]
[Round "7.2"]
[White "Langheinrich, Ferenc"]
[Black "Feldheim, Jonas"]
[Result "1-0"]
[WhiteElo "2377"]
[BlackElo "2050"]
[PlyCount "133"]
[EventDate "2015.??.??"]

1. Nf3 d5 2. g3 Bg4 3. Bg2 Nd7 4. c4 e6 5. cxd5 exd5 6. O-O c6 7. d3 Bc5 8. Qc2
Bb6 9. e4 dxe4 10. dxe4 Ne7 11. Nbd2 O-O 12. b3 Ng6 13. Bb2 Re8 14. h3 Bxf3 15.
Nxf3 Qc7 16. Kh1 Rad8 17. Rad1 Nc5 18. Ng5 h6 19. b4 Na6 20. Nf3 Qe7 21. Rxd8
Rxd8 22. a3 Nc7 23. h4 Qd6 24. h5 Nf8 25. Bh3 Nce6 26. Kg2 Qd3 27. Rc1 Nh7 28.
Qxd3 Rxd3 29. Rc2 Nhg5 30. Ne5 Rd8 31. Bf5 Nd4 32. Bxd4 Rxd4 33. f4 Ne6 34.
Bxe6 fxe6 35. Re2 Bc7 36. Ng6 a5 37. e5 Kf7 38. bxa5 Bxa5 39. Kh3 c5 40. f5 c4
41. fxe6+ Kxe6 42. Nf4+ Ke7 43. e6 Rd6 44. Re5 Bd2 45. Nd5+ Rxd5 46. Rxd5 c3
47. Rc5 Kxe6 48. Kg2 b6 49. Rc8 Kf5 50. Kf3 Kg5 51. g4 b5 52. Rc7 Kh4 53. Rc6
Kh3 54. Rc5 Kh4 55. Ke2 Kxg4 56. Kd3 Bg5 57. Rxb5 Kxh5 58. a4 Kg4 59. Rxg5+
Kxg5 60. a5 h5 61. a6 Kf4 62. a7 g5 63. a8=Q h4 64. Qe4+ Kg3 65. Qe5+ Kg4 66.
Qh2 h3 67. Ke4 1-0

[Event "6. Oeffinger Open 2015"]
[Site "T-Systems"]
[Date "2015.05.25"]
[Round "7.4"]
[White "Holzhäuer, Mathias"]
[Black "Skembris, Spyridon"]
[Result "0-1"]
[WhiteElo "2295"]
[BlackElo "2422"]
[PlyCount "102"]
[EventDate "2015.??.??"]

1. e4 c5 2. Nc3 g6 3. f4 Bg7 4. Nf3 d6 5. Bb5+ Bd7 6. Bc4 Nc6 7. O-O a6 8. d3
Na5 9. Bb3 Nxb3 10. axb3 e6 11. Qe1 Ne7 12. Qg3 f5 13. e5 Nc6 14. Be3 O-O 15.
Rfe1 b6 16. d4 cxd4 17. Bxd4 Nxd4 18. Nxd4 dxe5 19. fxe5 b5 20. Nf3 Bc6 21. Qf2
Qc7 22. Nd4 Bd7 23. Nf3 Rfe8 24. Re2 Bc6 25. Rae1 Rad8 26. Qh4 h6 27. Qg3 g5
28. h3 b4 29. Na4 Bb5 30. Rf2 Qc6 31. Ra1 Rd7 32. c4 bxc3 33. Nxc3 Qb6 34. Nxb5
Qxb5 35. Kh1 Rd3 36. b4 Qxb4 37. Rxa6 g4 38. Ra7 Qb6 39. Rxg7+ Kxg7 40. hxg4
Rd1+ 41. Kh2 f4 42. Qh4 Qd8 43. Qh5 Rf8 44. Ng1 Qd3 45. Rf3 Qg6 46. Nh3 Qxh5
47. gxh5 Rd4 48. g3 Rd2+ 49. Kg1 fxg3 50. Rxg3+ Kh7 51. Rg6 Rf3 0-1

[Event "6. Oeffinger Open 2015"]
[Site "T-Systems"]
[Date "2015.05.25"]
[Round "7.5"]
[White "Süss, Stefan"]
[Black "Schnepp, Gunnar"]
[Result "0-1"]
[WhiteElo "1870"]
[BlackElo "2316"]
[PlyCount "76"]
[EventDate "2015.??.??"]

1. e4 c5 2. Nf3 d6 3. d4 cxd4 4. Nxd4 Nf6 5. Nc3 a6 6. Bc4 e6 7. Bb3 Be7 8. g4
h6 9. Be3 Qc7 10. Qe2 Nc6 11. O-O-O Na5 12. h4 h5 13. g5 Ng4 14. f4 b5 15. g6
Nxb3+ 16. axb3 fxg6 17. f5 b4 18. Na4 gxf5 19. exf5 exf5 20. Bg5 Ne5 21. Bxe7
Qxe7 22. Nb6 g6 23. Nxa8 Qb7 24. Qxa6 Qxa6 25. Nc7+ Kd7 26. Nxa6 Bxa6 27. Rhe1
Rc8 28. Kb1 Rc5 29. Ne2 Nf3 30. Nf4 Nxe1 31. Rxe1 Re5 32. Rg1 Re4 33. Nd5 Kc6
34. Nf6 Re6 35. Nh7 f4 36. Rg2 f3 37. Rf2 Re1+ 38. Ka2 Rf1 0-1

[Event "6. Oeffinger Open 2015"]
[Site "T-Systems"]
[Date "2015.05.25"]
[Round "7.6"]
[White "Luhn, Robert"]
[Black "Heining, Thomas"]
[Result "1-0"]
[WhiteElo "2054"]
[BlackElo "2129"]
[PlyCount "69"]
[EventDate "2015.??.??"]

1. d4 Nf6 2. Nf3 g6 3. c4 Bg7 4. Nc3 O-O 5. e4 d6 6. Be2 e5 7. O-O exd4 8. Nxd4
Re8 9. f3 c6 10. Nc2 Qc7 11. Kh1 Nbd7 12. Be3 Ne5 13. Qd2 Be6 14. b3 Rad8 15.
f4 Neg4 16. Bd4 Bc8 17. h3 Nh6 18. Bf3 Nd7 19. Bxg7 Kxg7 20. Ne3 f6 21. g4 Nf7
22. Bg2 Rh8 23. g5 fxg5 24. Qb2 Kf8 25. Ncd5 cxd5 26. Nxd5 Qa5 27. b4 Qa4 28.
e5 Nb6 29. fxg5 Nxc4 30. Rxf7+ Kxf7 31. e6+ Kxe6 32. Qf6+ Kd7 33. Qe7+ Kc6 34.
Qc7+ Kb5 35. Nc3+ 1-0

[Event "6. Oeffinger Open 2015"]
[Site "T-Systems"]
[Date "2015.05.25"]
[Round "7.7"]
[White "Gustain, Marc"]
[Black "Gentner, Markus"]
[Result "1/2-1/2"]
[WhiteElo "2151"]
[BlackElo "2009"]
[PlyCount "27"]
[EventDate "2015.??.??"]

1. e4 c6 2. d4 d5 3. f3 Qb6 4. Nc3 dxe4 5. fxe4 e5 6. Nf3 exd4 7. Qxd4 Qxd4 8.
Nxd4 Bc5 9. Nf5 g6 10. Be3 Bxe3 11. Nxe3 Be6 12. Nc4 Bxc4 13. Bxc4 Nd7 14.
O-O-O 1/2-1/2

[Event "6. Oeffinger Open 2015"]
[Site "T-Systems"]
[Date "2015.05.25"]
[Round "7.8"]
[White "Telioridis, Vasileios"]
[Black "Bader, Dominic"]
[Result "0-1"]
[WhiteElo "2010"]
[BlackElo "2098"]
[PlyCount "86"]
[EventDate "2015.??.??"]

1. e4 c5 2. Nf3 Nc6 3. d4 cxd4 4. Nxd4 Nf6 5. Nc3 e6 6. Bc4 Qc7 7. Ndb5 Qb8 8.
Bg5 a6 9. Nd4 Nxe4 10. Nxe4 Qe5 11. O-O Qxd4 12. Qxd4 Nxd4 13. Nf6+ gxf6 14.
Bxf6 Nxc2 15. Rac1 Rg8 16. Rxc2 Rg6 17. Bd4 b5 18. Bd3 f5 19. Be2 Bd6 20. Bh5
Bb7 21. Bxg6+ hxg6 22. Rfc1 Bf4 23. Be3 Be5 24. f4 Bf6 25. b3 Be4 26. Rd2 Bc6
27. Bd4 Be7 28. Be5 a5 29. Rd3 Ba3 30. Rcd1 a4 31. Rh3 axb3 32. axb3 Bc5+ 33.
Kh1 Ra2 34. Rg3 Kf7 35. h3 Be7 36. Ra1 Re2 37. Kg1 Bh4 38. Kf1 Rxe5 39. Rd3 Rd5
40. Re3 Rd2 41. g3 Rh2 42. Ra6 Rxh3 43. Rxc6 dxc6 0-1

[Event "6. Oeffinger Open 2015"]
[Site "T-Systems"]
[Date "2015.05.25"]
[Round "7.22"]
[White "Herbst, Rudolf"]
[Black "Faden, Helmut"]
[Result "0-1"]
[WhiteElo "1681"]
[BlackElo "1825"]
[PlyCount "86"]
[EventDate "2015.??.??"]

1. c4 e6 2. Nc3 d5 3. cxd5 exd5 4. d4 c6 5. g3 Nf6 6. Bg2 Bd6 7. Nf3 O-O 8. O-O
Re8 9. Qc2 Bg4 10. Re1 Nbd7 11. e4 dxe4 12. Nxe4 Nxe4 13. Rxe4 Rxe4 14. Qxe4
Nf6 15. Qd3 h6 16. Qb3 Qb6 17. Qd3 Rd8 18. b3 Be7 19. Bb2 Be6 20. Ne5 Bd5 21.
Bxd5 Rxd5 22. Nc4 Qd8 23. Ne3 Rd7 24. Rd1 Nd5 25. Nxd5 Rxd5 26. Re1 Bf6 27. Qc4
Bxd4 28. Bxd4 Rxd4 29. Qc5 Rd1 30. Qe3 Rxe1+ 31. Qxe1 Qd5 32. Qe7 c5 33. h4 Kh7
34. Qe2 a6 35. Qc2+ g6 36. Qe2 b5 37. Qc2 c4 38. bxc4 Qxc4 39. Qxc4 bxc4 40.
Kf1 Kg7 41. Ke2 Kf6 42. Kd2 Ke5 43. Kc3 Kd5 0-1